| 000 | 00645nam a22001937a 4500 | ||
|---|---|---|---|
| 999 |
_c186437 _d186437 |
||
| 005 | 20220302112021.0 | ||
| 010 | _aENG-131833 | ||
| 020 |
_a9789389080094 _c80.00 |
||
| 035 | _aEN-115365 | ||
| 037 | _bDBAD/PUB | ||
| 082 | _a881 | ||
| 100 | _aVirumbi's, Muththamizh | ||
| 245 |
_aThe Language of Love: _bHeart to Heart/ _cMuththamizh Virumbi's and Translated by C. Rajeswari |
||
| 260 |
_aChennai _bOlivannan Gopalakrishnan _c2019 |
||
| 270 |
_a15 A, First Floor, Casa Major Road, Egmore _bChennai _e600008 _minfo@emeraldpublishers.com |
||
| 300 |
_a82p. _c18cm(pbk) |
||
| 700 | _aRajeswari, C | ||
| 942 |
_2ddc _cEN _h881 _mVIR |
||